সংগ্রামী বাংলা / (Record no. 156)
[ view plain ]
| 000 -LEADER | |
|---|---|
| fixed length control field | 00667nam a2200217 a 4500 |
| 001 - CONTROL NUMBER | |
| JCCL Control Number | 156 |
| 003 - CONTROL NUMBER IDENTIFIER | |
| JCCL marc code | BD-JhCC |
| 005 - DATE AND TIME OF LATEST TRANSACTION | |
| control field | 20171001153916.0 |
| 008 - FIXED-LENGTH DATA ELEMENTS--GENERAL INFORMATION | |
| fixed length control field | 171001b b |||| |||| 000 0 ben d |
| 035 ## - SYSTEM CONTROL NUMBER | |
| system control number | (BD-JhCC)156 |
| 040 ## - CATALOGING SOURCE | |
| Original cataloging agency | BD-JhCC |
| Modifying agency | BD-JhCC |
| 041 ## - LANGUAGE CODE | |
| Language code of Book | ben |
| 082 ## - DEWEY DECIMAL CLASSIFICATION NUMBER | |
| Classification number | 954.9205 |
| Author mark and Year | DAS |
| 100 ## - MAIN ENTRY--PERSONAL NAME | |
| Personal name | দাস, দিলিপ কুমার. |
| 245 ## - TITLE STATEMENT | |
| Title | সংগ্রামী বাংলা / |
| Statement of responsibility, etc | দিলিপ কুমার দাস |
| 260 ## - PUBLICATION, DISTRIBUTION, ETC. (IMPRINT) | |
| Place of publication, distribution, etc | বরিশাল : |
| Name of publisher, distributor, etc | মনীষা, |
| 300 ## - PHYSICAL DESCRIPTION | |
| Pagination | ৮২ পৃ. : |
| Dimensions | ২০ সেমি. |
| 651 ## - SUBJECT ADDED ENTRY--GEOGRAPHIC NAME | |
| Geographic name | Bangladesh |
| General subdivision | History -- Revolution, 1971. |
| 942 ## - ADDED ENTRY ELEMENTS (KOHA) | |
| Source of classification or shelving scheme | Dewey Decimal Classification |
| Koha item type | Books |
| Source of classification or shelving scheme | Damaged status | Not for loan | Home library | Current library | Shelving location | Date of accession | Cost, normal purchase price | Total Checkouts | Full call number | Barcode | Date last seen | Copy number | Koha item type |
|---|---|---|---|---|---|---|---|---|---|---|---|---|---|
| Dewey Decimal Classification | JCC Rouf Library | JCC Rouf Library | General Stacks | 10/01/2017 | 3.00 | 954.9205 DAS | 126 | 10/01/2017 | C-1 | Books |